Statistics for Треки альбома Гражданской Обороны "Оптимизм"

Click here to take the quiz!

General Stats

  • This quiz has been taken 7 times
  • The average score is 6 of 18

Answer Stats

Оптимизм% Correct
Оптимизм
100%
Детский доктор сказал "Ништяк"
43%
Это не я
43%
Мама б*я
43%
Я блюю на ваши дела
43%
Поганая молодёжь
29%
Старость - не радость
29%
Я бесполезен
29%
Собака
29%
Кто ищет смысл
29%
Эй, бабища, блевани!
29%
Не надо (Зоопарк № 2)
29%
Не смешно
14%
Деревья
14%
Хватит!
14%
Кленовый лист
14%
На наших глазах
14%
33333 (Без названия)
14%

Score Distribution

Percentile by Number Answered

Percent of People with Each Score

Your Score History

You have not taken this quiz